Statistics for Chicago Fire Best Scorer By Year

Click here to take the quiz!

General Stats

  • This quiz has been taken 15 times
    (6 since last reset)
  • The average score is 7 of 19

Answer Stats

Player% Correct
Brian McBride
67%
Nemanja Nikolić
67%
C.J. Sapong
50%
Andy Herron
33%
Ante Razov
33%
Chad Barrett
33%
Chris Rolfe
33%
Damani Ralph
33%
David Accam
33%
Dominic Oduro
33%
Eric Wynalda
33%
Jáder Durán
33%
Luka Stojanović
33%
Marco Pappa
33%
Maren Haile-Selassie
33%
Mike Magee
33%
Nate Jaqua
33%
Quincy Amarikwa
33%
Robert Berić
33%

Score Distribution

Percentile by Number Answered

Percent of People with Each Score

Your Score History

You have not taken this quiz since the last reset